000 00271nam a22001217a 4500
008 180828b xxu||||| |||| 00| 0 eng d
041 _aeng
080 _a711
100 _a45
101 _aART
245 _aTHE TREASURE HOUSE OF BRITAIN
_cBROWN.C.J
942 _2udc
_cBK
999 _c47372
_d47372